Vista normal Vista MARC

Entrada Corporate Name

Número de registros utilizados en: 1

001 - CONTROL NUMBER

  • control field: 37761

003 - CONTROL NUMBER IDENTIFIER

  • control field: OSt

005 - DATE AND TIME OF LATEST TRANSACTION

  • control field: 20210521113431.0

008 - FIXED-LENGTH DATA ELEMENTS

  • fixed length control field: 210521|| aca||aabn | a|a d

040 ## - CATALOGING SOURCE

  • Original cataloging agency: OSt
  • Transcribing agency: OSt

110 ## - HEADING--CORPORATE NAME

  • Corporate name or jurisdiction name as entry element: Instituto Colombiano de la Reforma Agraria
  • Form subdivision: Informes

670 ## - SOURCE DATA FOUND

  • Source citation: Work cat.: (OSt)7930: Ochoa Cadavid, Luis Carlos, 15848 autor, Informe final de la liquidación / , 2007